Výrobková politika podniku ako nástroj predaja produktov bakalárska práca

Salvato in:
Dettagli Bibliografici
Autore principale: Husárová, Michaela
Ente Autore: Fakulta podnikového manažmentu EU. Katedra podnikovohospodárska
Altri autori: Grančičová, Katarína, 1967-
Natura: Libro
Lingua:slovacco
Pubblicazione: Bratislava 2018
Tags: Aggiungi Tag
Nessun Tag, puoi essere il primo ad aggiungerne!!

MARC

LEADER 00000nbm a2200000 4500
001 0244802
005 20181009111653.4
041 0 |a slo 
044 |a SK 
245 1 0 |a Výrobková politika podniku ako nástroj predaja produktov  |b bakalárska práca  |c Michaela Husárová ; školiteľ: Katarína Grančičová 
264 1 |a Bratislava  |c 2018 
300 |a 63 s. 
100 1 |a Husárová, Michaela 
700 1 |a Grančičová, Katarína, 1967- 
710 2 |a Fakulta podnikového manažmentu EU. Katedra podnikovohospodárska